000 01304nam a2200373 c 4500
003 BLK
005 20250128005513.0
008 180411b bul|||||r ||||||| ||bul||
010 _aKNG00174327000
020 _a978-619-90128-4-0
_bиздат.: УЧИ
040 _aBLK
041 _aBUL
_cBUL
072 7 _2bullib
_aН32
_xПолитика Н
080 _aВътрешна политика. Вж и 329
_b323
_x(497.2)(042)
_z323(497.2)(042)
100 1 _aДимов, Ангел Георгиев
_eпърви автор
_9376801
139 _aДимов, Ангел Георгиев
_bД 60
245 1 0 _aГлас народен
_cАнгел Георгиев Димов.
250 _a3. доп. изд.
257 _aBGR
260 Пловдив
_bУЧИ
_c2014
300 _a183 с.
_c20 см
380 _a3
500 _a1. изд. 1993 на изд. Везни.
650 0 _aБългария - вътрешна политика
_9241559
651 4 _aБългария
_9241624
653 _aвътрешна политика
659 _aН
852 _aЦб 273850
856 4 _qpdf
_u
856 4 _qpdf
_u
942 _cKNG
_n0
944 _aCR
_c20.04.2015
_lCRON CRON
_k
944 _aED
_c01.10.2015
_lф /
_kПенка_Димитрова
999 _c166601
_d166601